Talleres de Formación Ciudadana: Dialogo F
Gespeichert in:
| 1. Verfasser: | |
|---|---|
| Format: | Unbekannt |
| Sprache: | Englisch |
| Veröffentlicht: |
Planeta
2019
|
| Tags: |
Tag hinzufügen
Keine Tags, Fügen Sie den ersten Tag hinzu!
|
MARC
| LEADER | 00000 a2200000 4500 | ||
|---|---|---|---|
| 003 | CL-VaPUC | ||
| 005 | 20201119192436.0 | ||
| 008 | 201119b ||||| |||| 00| 0 eng d | ||
| 999 | |c 431977 |d 431975 | ||
| 020 | |a 9789563605457 | ||
| 040 | |c Pontificia Universidad Católica de Valparaíso | ||
| 100 | |a Varios Autores |9 737676 | ||
| 245 | |a Talleres de Formación Ciudadana: Dialogo F | ||
| 260 | |b Planeta |c 2019 | ||
| 583 | |k Cristina Rojas |c 20201119 | ||
| 942 | |2 ddc |c BK |n 1 | ||